000 00344nam a2200145Ia 4500
008 150201s2004 xx 000 0 und d
082 _a612.08
_bN2004S
100 _aEDWARDS,SUSAN
245 _aNEUROLOGICAL PHYSIOTHERAPY
250 _a2ND
260 _bELSEVIER
_aDELHI
_c2004
300 _a1-291
650 _aPHYSIOTHERAPY
942 _2ddc
_cBK
999 _c4326
_d4326